Žárlivost : pro klavír čtyřručně : úvod k Její pastorkyni

Hlavní autor: Janáček, Leoš, 1854-1928
Další autoři: Němcová, Alena, 1934-
Jazyk: Čeština
Vydáno: Brno : Editio Moravia, 1995
Vydání: [1. vyd.]
Fyzický popis: 11 s. ; 24 cm
Hudebniny Hudebniny
Uloženo v:
LEADER 00926ncm a2200229 a 4500
001 000060761
003 CZ BrMZK
005 19960101143423.0
008 960101s1995 xr f cze d
040 |a BOA001  |b cze 
080 |a 786.2.086  |2 MRF 
100 1 |a Janáček, Leoš,  |d 1854-1928  |7 jk01050745  |4 cmp 
245 1 0 |a Žárlivost :  |b pro klavír čtyřručně : úvod k Její pastorkyni  |h [hudebnina] /  |c Leoš Janáček ; [úvod Alena Němcová] 
250 |a [1. vyd.] 
260 |a Brno :  |b Editio Moravia,  |c 1995 
300 |a 11 s. ;  |c 24 cm 
500 |a Náz. též něm. - Úvod též něm. a angl. 
700 1 |a Němcová, Alena,  |d 1934-  |7 jk01083015  |4 wfw 
910 |a BOA001  |b Mus4-1018.053 
990 |a MU 
996 7 |b 2610033494  |c Mus4-1018.053  |l MZK  |r Sklad / do 1 hodiny  |n 2  |p kup  |w 000060761  |u 000010  |a 1  |e BOA001  |j MZK50  |s A 
996 6 |b 2610033495  |c Mus4-1018.053  |l MZK  |r Sklad / do 1 hodiny  |n 0  |p kup  |w 000060761  |u 000020  |a 1  |e BOA001  |j MZK50  |s P